| 000 | 00479nam a2200193Ia 4500 | ||
|---|---|---|---|
| 008 | 170918s9999 xx 000 0 und d | ||
| 020 | _a9780545151344 | ||
| 050 | _bS885 2012 | ||
| 100 | _aStork, Francisco X. | ||
| 245 | 4 | _aThe last summer of the death warriors / | |
| 245 | _cFrancisco X. Stork. | ||
| 260 | _aNew York : | ||
| 260 | _bScholastic, | ||
| 260 | _c2012 | ||
| 300 | _a344 pages : | ||
| 300 | _bcolored illustration ; | ||
| 300 | _c19cm. | ||
| 500 | _a640 | ||
| 999 |
_c341910 _d341910 |
||